|
|
|
|
| LEADER |
02631nam a2200457 4500 |
| 001 |
ocn813987819 |
| 003 |
OCoLC |
| 005 |
20180501122003.0 |
| 006 |
m o d |
| 007 |
cr cnu---unuuu |
| 008 |
121023s2012 enk o 000 0 eng d |
| 040 |
|
|
|a N$T
|b eng
|e pn
|c N$T
|d OCLCQ
|d OPELS
|d OCLCF
|d EBLCP
|d UKDOC
|d CNSPO
|d DEBSZ
|d OCLCQ
|d DEBBG
|d GrThAP
|
| 019 |
|
|
|a 818815168
|a 872681767
|a 872683098
|
| 020 |
|
|
|a 9780123982841
|q (electronic bk.)
|
| 020 |
|
|
|a 0123982847
|q (electronic bk.)
|
| 020 |
|
|
|a 9780123943958
|
| 020 |
|
|
|a 0123943957
|
| 035 |
|
|
|a (OCoLC)813987819
|z (OCoLC)818815168
|z (OCoLC)872681767
|z (OCoLC)872683098
|
| 050 |
|
4 |
|a QH430
|
| 072 |
|
7 |
|a SCI
|x 029000
|2 bisacsh
|
| 082 |
0 |
4 |
|a 576.5
|2 23
|
| 049 |
|
|
|a TEFA
|
| 245 |
0 |
0 |
|a Advances in genetics.
|n Volume 79 /
|c volume editor, Theodore Friedmann, Jay Dunlap, Stephen Goodwin.
|
| 260 |
|
|
|a Oxford :
|b Academic,
|c 2012.
|
| 300 |
|
|
|a 1 online resource.
|
| 336 |
|
|
|a text
|b txt
|2 rdacontent
|
| 337 |
|
|
|a computer
|b c
|2 rdamedia
|
| 338 |
|
|
|a online resource
|b cr
|2 rdacarrier
|
| 490 |
0 |
|
|a ADVANCES IN GENETICS. ;
|v 80
|
| 588 |
0 |
|
|a Print version record.
|
| 520 |
|
|
|a The field of genetics is rapidly evolving and new medical breakthroughs are occuring as a result of advances in knowledge of genetics. This series continually publishes imporatnt reviews of the broadest interest to geneticists and their colleagues in affiliated disciplines. * Includes methods for testing with ethical, legal, and social implications * Critically analyzes future.
|
| 505 |
0 |
|
|a Front Cover; ADVANCES IN GENETICS, VOLUME 79; Advances in Genetics; Copyright; Contents; Contributors; Chapter One -- From Pluripotency to Islets: miRNAs as Critical Regulators of Human Cellular Differentiation; II. MIRNAS AND EMBRYONIC STEM CELLS; III. MIRNAS AND EMBRYONIC STEM CELL PLURIPOTENCY; IV. MIRNAS THAT REGULATE EARLY CELL FATE DECISIONS IN HUMAN ESC; V. MIRNAS THAT REGULATE ENDODERM AND PANCREATIC PRECURSOR FORMATION; VI. MIRNAS THAT REGULATE PANCREATIC ENDOCRINE CELL FUNCTION; VII. CONCLUSIONS AND FUTURE DIRECTIONS; ACKNOWLEDGMENTS; REFERENCES; I. INTRODUCTION; I. INTRODUCTION.
|
| 650 |
|
0 |
|a Genetics.
|
| 650 |
|
7 |
|a SCIENCE
|x Life Sciences
|x Genetics & Genomics.
|2 bisacsh
|
| 650 |
|
7 |
|a Genetics.
|2 fast
|0 (OCoLC)fst00940117
|
| 655 |
|
4 |
|a Electronic books.
|
| 700 |
1 |
|
|a Friedmann, Theodore,
|d 1935-
|
| 700 |
1 |
|
|a Dunlap, Jay C.
|
| 700 |
1 |
|
|a Goodwin, Stephen F.
|
| 776 |
0 |
8 |
|i Print version:
|t Advances in genetics. Vol. 79.
|d Oxford : Academic, 2012
|z 9780123943958
|w (OCoLC)805010990
|
| 856 |
4 |
0 |
|u https://www.sciencedirect.com/science/bookseries/00652660/79
|z Full Text via HEAL-Link
|